The sustainable university : Green Goals and New Challenges for Higher Education Leaders

Gespeichert in:
Bibliographische Detailangaben
Hauptverfasser: Martin, James (Verfasst von), Samels, James E. (Verfasst von)
Format: Buch
Sprache:Englisch
Veröffentlicht: Baltimore : The Johns Hopkins University Press, 2012
Schlagworte:
Tags: Tag hinzufügen
Keine Tags, Fügen Sie das erste Tag hinzu!

MARC

LEADER 00000nam a22000003a 4500
001 stu262092
005 20150617225558.8
008 130204s2012----xxu-----------------eng-d
020 |a 978-1-4214-0459-2 
040 |a STU  |b slo 
041 0 |a eng 
044 |a xxu 
100 1 |a Martin, James  |4 aut 
245 1 |a The sustainable university :  |b Green Goals and New Challenges for Higher Education Leaders 
260 |a Baltimore :  |b The Johns Hopkins University Press,  |c 2012 
300 |a 331 s 
650 7 |a vysoké školy  |2 stusub 
650 7 |a environmentálne vzdelávanie  |2 stusub 
650 7 |a environmentálna výchova  |2 stusub 
700 1 |a Samels, James E.  |4 aut 
996 |b 284M084750  |c M*13382-1  |l MMKN  |s A  |a 24  |w stu262092_0001